Statistiques concernant Gares les plus fréquentées en Bourgogne Franche-Comté

Cliquez ici pour prendre le quiz!

Statistiques générales

  • Ce quiz a été pris 144 fois
    (70 depuis la dernière actualisation)
  • Le résultat moyen est 9 sur 13

Statistiques - réponses

Voyageurs (2017) Gare % Correct
5,756,000Dijon
100%
2,063,000Besançon-Viotte
94%
1,210,000Mâcon
88%
1,111,000Belfort
86%
1,349,000Chalon-sur-Saône
76%
938,000Beaune
76%
795,000Nevers
73%
538,000Montbéliard
69%
823,000Dole
59%
1,184,000Sens
53%
513,000Besançon Franche-Comté TGV
37%
784,000Belfort-Montbéliard TGV
33%
729,000Le Creusot-TGV
29%

Distribution des résultats

Percentile par nombre de réponses

% des personnes avec chaque résultat

Votre développement - résultats

Vous n’avez pas pris ce quiz depuis la dernière actualisation